| 000 | 00828nam a22002537a 4500 | ||
|---|---|---|---|
| 005 | 20170124110028.0 | ||
| 010 | _aA-408328 | ||
| 020 |
_c65.00 _a0876924542 |
||
| 035 | _aA-408328 | ||
| 037 | _bCen Lib/Ret | ||
| 040 |
_aDPL _bEN |
||
| 082 |
_a581.16 _bHAR |
||
| 100 |
_aHartmann, Hudson T. _920593 |
||
| 245 |
_aPlant propagation : _cby Hudson T. Hartmann [and] Dale E. Kester _bprinciples and practices / |
||
| 250 | _a4th ed | ||
| 260 |
_aNew Delhi _bPrentice Hall of India _c1986 |
||
| 270 |
_aM-97, Connaught Circus _bNew Delhi _e110001 |
||
| 300 |
_aviii, 727p. _c23cm(Hb) _bill. |
||
| 500 | _aIncludes bibliographical references and index | ||
| 650 |
_aPlant propagation _921031 |
||
| 650 |
_aFundamentals _9138861 |
||
| 700 |
_aKester, Dale E. _920596 |
||
| 942 |
_2ddc _cEN _h581.16 _mHAR |
||
| 999 |
_c127620 _d127620 |
||